Nagła śmierć - Jedi - Statystyki

Ogólne statystyki
  • Ten quiz został rozwiązany 80 razy
  • Średni wynik to 9 z 17
Answers on the Grid
Answers color-coded by a green-red scale on the quiz's grid according to % correct below.
Mace Windu
Yoda
Han Solo
Pao
Obi-wan Kenobi
Cad Bane
Luke Skywalker
Anakin Skywalker
Fives
Shaak Ti
Luminara Unduli
Quinlan Vos
Omega
Tera Sinube
Jocasta Nu
Cassian Andor
Oppo Rancisis
Bix
Rey
Padme Amidala
Jar Jar
Maul
Coleman Trebor
Wat Tambor
Yord Fandar
Capitan Panaka
Ki-Adi Mundi
Agen Kolar
Hera Syndulla
Kit Fisto
 
Statystyki odpowiedzi
Odpowiedź % Poprawnych
Yoda
88%
Mace Windu
86%
Obi-wan Kenobi
82%
Luke Skywalker
78%
Anakin Skywalker
76%
Rey
65%
Kit Fisto
57%
Ki-Adi Mundi
51%
Luminara Unduli
43%
Shaak Ti
43%
Jocasta Nu
39%
Quinlan Vos
39%
Agen Kolar
31%
Oppo Rancisis
31%
Coleman Trebor
29%
Tera Sinube
29%
Yord Fandar
27%
Nie znaleziono quizów pasujących do podanych kryteriów
Rozkład punktacji
Procent ludzi z każdym wynikiem
Percentyl według liczby udzielonych odpowiedzi
Twoja historia wyników
Nie rozwiązałeś tego quizu